00596 2200193 4500001002100000005001500021035002000036008004100056245015800097100001700255260003300272300001200305084001600317082000800333650001500341020002200356250000600378990001800384INLIS00000000000035520240813102853 a0010-0724000355240813 0 ind 1 aEnsiklomini Ya, Aku Tahu Keajaiban Keajaiban Di Sekitar Kita :bSejak Pemilihan Jodoh, Janin dalam Kandungan, hingga anak berusia 7 tahun /cUlfah Haldha aHaldah, Ulfa aJakarta :bCv Sahabat,c2008 a68 hlm. a001 ULF e.1 a001 4aKarya Umum a978-979-029-095-0 a4 aP29/CP/24/355